'Rugrats' Characters Quiz Stats

 Plays Quiz not verified by Sporcle

Score 0/30 Timer 07:00
0 Plays Today
Description Character % Correct
#1 The bald-headed, blue-shirt-wearing leader of the babies.Tommy Pickles
99%
#4 The bespectacled red-haired best friend of #1.Chuckie Finster
96.3%
#2 The younger brother of #1.Dil Pickles
96.1%
#3 The spoiled older cousin of #1 and #2 who can speak with the babies and the adults.Angelica Pickles
96%
#7 The female in the set of twins among the babies.Lil DeVille
92.6%
#8 The male in the set of twins among the babies.Phil DeVille
92.3%
#9 The family pet of #1 and #2.Spike
85.6%
#6 The close friend and rival of #3 who provides some racial diversity.Susie Carmichael
80.6%
#5 The Japanese-born stepsister of #4.Kimi Finster
79.5%
#13 The toy-inventing father of #1 and #2.Stu Pickles
76.1%
#14 The clown-fearing mother of #1 and #2.Didi Pickles
68%
#15 The grandfather of #1, #2, and #3, and father of #13 and #16.Grandpa Lou Pickles
64.3%
#20 The widower father of #4 who is a red-head like his son.Chas Finster
62.1%
#16 The father of #3 and son of #15.Drew Pickles
62%
#11 The mischievous cat of #3.Fluffy
51.6%
Description Character % Correct
#17 The workaholic wife of #16.Charlotte Pickles
50.5%
#23 The loud and intense mother of the twins (#7 and #8).Betty DeVille
49%
#26 The unfortunately-named child psychologist that #14 and #20 refer to for help in child-rearing. Dr. Lipschitz
41.6%
#24 The subdued husband of #23 and father of the twins (#7 and #8).Howie DeVille
41.2%
#10 The Parisian poodle girlfriend of #9.Fifi
41%
#22 The Japanese stepmother of #4 and second wife of #20.Kira Watanabe-Finster
32.5%
#19 The second wife of #15, a nurse.Lulu Jonston
28.9%
#12 The first pet of #4, an ill-fated pillbug.Melville
27.5%
#18 The deceased first wife of #15.Trixie McGee
23.7%
#21 The deceased wife of #20 and birth mother of #4.Melinda Crandall
22.8%
#27 The successful doctor mother of #6.Lucy Vazquetzo-Carmichael
22%
#28 The cartoon writer father of #6 and husband of #27.Randy Carmichael
21.3%
#25 The irritating older cousin of #15 who is obssessed with poker.Miriam 'Mim' Pickles
18.9%
#29 The younger brother of #14 who gets an unpleasant trial run in child-rearing (ie: from #3). Ben Kropotkin
14.6%
#30 The wife of #29 who got cold feet during their wedding and disappeared for a bit.Elaine Robinson
13.3%

You're not logged in!

Compare scores with friends on all Sporcle quizzes.
OR
Log In

Show Comments

Extras

Top Quizzes Today


Score Distribution

Your Account Isn't Verified!

In order to create a playlist on Sporcle, you need to verify the email address you used during registration. Go to your Sporcle Settings to finish the process.

Report this User

Report this user for behavior that violates our Community Guidelines.

Details: